000
00299nam a22001217a 4500
008
250307b |||||||| |||| 00| 0 eng d
050
_a
HD171
_b
.H53
100
_a
HICKS, John
245
_a
Capital and Growth
260
_a
New York
_b
Oxford University Press
_c
1965
300
_a
vii, 334p.
942
_c
BK
999
_c
2163
_d
2163